| 000 | 00903nam a2200217 i 4500 | ||
|---|---|---|---|
| 001 | 63021 | ||
| 003 | ES-MaACL | ||
| 005 | 20230906164753.0 | ||
| 007 | t| | ||
| 008 | 031127m19561961sp ||||1| spa d | ||
| 100 | 1 |
_aFernández Peña, Enrique. _949986 |
|
| 245 | 1 | 0 |
_aAnálisis y solución de supuestos de contabilidad superior / _cpor Enrique Fernández Peña. |
| 260 |
_aMadrid : _b[s.n.], _c1956-61 ( _fPablo López) |
||
| 300 |
_a2 t. en 3 v. ; _c23 cm. |
||
| 490 | 1 | _aColección de estudios jurídicos, económicos y sociales | |
| 505 | 8 | _aContiene: T. I, V. I: Supuestos relacionados con los aspectos subjetivos de la empresa. -- T. I, V. II: Supuestos de caracter objetivos. -- T. II, V. III: Supuestos de oposiciones | |
| 650 | 0 | 4 |
_aContabilidad. _911307 |
| 830 | 0 |
_aColección de estudios jurídicos, económicos y sociales _9218594 |
|
| 852 |
_aES-MaACL _jP-835 |
||
| 999 |
_c63021 _d63021 |
||